Tình vượt trùng dương = Devil water

Na minha lista:
Detalhes bibliográficos
Autor principal: Ann Seton
Formato: Livro
Idioma:Undetermined
Publicado em: Đồng Nai Nxb. Đồng Nai 1990
Assuntos:
Tags: Adicionar Tag
Sem tags, seja o primeiro a adicionar uma tag!
Thư viện lưu trữ: Trung tâm Học liệu Trường Đại học Cần Thơ
LEADER 00507nam a2200181Ia 4500
001 CTU_16180
008 210402s9999 xx 000 0 und d
082 |a 823.9 
082 |b S495 
100 |a Ann Seton 
245 0 |a Tình vượt trùng dương 
245 0 |b = Devil water 
245 0 |c Ann Seton, Vũ Toàn 
260 |a Đồng Nai 
260 |b Nxb. Đồng Nai 
260 |c 1990 
650 |a english fiction - 20th century 
980 |a Trung tâm Học liệu Trường Đại học Cần Thơ